[Event "POL-chT U19 3rd League Wielkopolska"]
[Site "Wielkopolska"]
[Date "2014.12.30"]
[Round "4.1"]
[White "Bazant, Tomasz"]
[Black "Nawrocki, Marek"]
[Result "1-0"]
[WhiteElo "1552"]
[BlackElo "1534"]
[PlyCount "155"]
[EventDate "2014.01.18"]
[EventType "team-tourn"]
[EventRounds "9"]
[EventCountry "POL"]
[SourceTitle "EXT 2020"]
[Source "ChessBase"]
[SourceDate "2019.10.17"]
[SourceVersion "1"]
[SourceVersionDate "2019.10.17"]
[SourceQuality "1"]
[WhiteTeam "Kalisz KTS U19 II"]
[BlackTeam "Gniezno LKS Chrobry U19 II"]
[WhiteTeamCountry "POL"]
[BlackTeamCountry "POL"]

1. e4 e6 2. d4 d5 3. e5 c5 4. c3 Nc6 5. Nf3 Qb6 6. a3 Nh6 7. b4 cxd4 8. cxd4 Nf5 9. Bb2 Be7 10. Be2 Bd7 11. 0-0 0-0 12. Qd3 Rac8 13. Nbd2 a6 14. Nb3 Bxb4 15. axb4 Nxb4 16. Qb1 Bb5 17. Bxb5 Qxb5 18. Ba3 Nc2 19. Bxf8 Nxa1 20. Nxa1 Qxb1 21. Rxb1 Kxf8 22. g4 Nh6 23. h3 b5 24. Nb3 Ng8 25. Nc5 Ra8 26. Nd2 Ne7 27. Rc1 Ke8 28. Nb7 Nc8 29. Nb3 Nb6 30. Nd6+ Kd7 31. Nc5+ Ke7 32. Ra1 Nc4 33. Nxb5 Rb8 34. Nd6 Nxd6 35. exd6+ Kxd6 36. Rxa6+ Ke7 37. Ra7+ Ke8 38. Kg2 Rb4 39. Ra4 Rb2 40. Kg3 Rd2 41. f3 Ke7 42. h4 Kd6 43. Kf4 Rd1 44. Ke3 h5 45. Ra6+ Ke7 46. Ra7+ Ke8 47. Nd3 Rh1 48. gxh5 f6 49. Nf4 e5 50. dxe5 fxe5 51. Nxd5 Kf8 52. Ra4 Kf7 53. Kf2 Ke6 54. Ne3 Rb1 55. Ra6+ Kf7 56. Ra7+ Kf8 57. Ra5 Rb4 58. Kg3 e4 59. Rf5+ Kg8 60. Rf4 Rb3 61. Rxe4 Rb5 62. Kg4 Rb1 63. Nf5 Rg1+ 64. Ng3 Rc1 65. Re7 Kf8 66. Ra7 Kg8 67. f4 Kh8 68. f5 Kg8 69. Ra4 Kh7 70. Kg5 Rg1 71. Rg4 Ra1 72. Ne2 Ra5 73. Nf4 Kh8 74. Ng6+ Kh7 75. Rb4 Ra8 76. Rb7 Rc8 77. h6 Rg8 78. f6 1-0

[Event "POL-chT U19 3rd League Wielkopolska"]
[Site "Kalisz"]
[Date "2013.02.17"]
[Round "8.2"]
[White "Bazant, Tomasz"]
[Black "Robaszkiewicz, Jakub"]
[Result "0-1"]
[WhiteElo "1601"]
[BlackElo "1497"]
[PlyCount "119"]
[EventDate "2013.02.09"]
[EventType "team-tourn"]
[EventRounds "9"]
[EventCountry "POL"]
[SourceTitle "EXT 2019"]
[Source "ChessBase"]
[SourceDate "2018.10.10"]
[SourceVersion "1"]
[SourceVersionDate "2018.10.10"]
[SourceQuality "1"]
[WhiteTeam "Kalisz KTS U19 II"]
[BlackTeam "Zbaszyn MKS Wicher U19"]
[WhiteTeamCountry "POL"]
[BlackTeamCountry "POL"]

1. e4 e5 2. Nf3 d6 3. d4 exd4 4. Nxd4 Bd7 5. Nc3 Be7 6. Bc4 Nc6 7. Be3 Nf6 8. Qd2 Nxd4 9. Bxd4 Be6 10. Bxe6 fxe6 11. f3 e5 12. Be3 0-0 13. 0-0-0 Nh5 14. Nd5 Nf6 15. h4 h6 16. h5 Nh7 17. f4 exf4 18. Nxf4 Qc8 19. Qd5+ Rf7 20. Ng6 Bf6 21. Rdf1 Qe8 22. Bxh6 gxh6 23. Rf5 Kg7 24. Rhf1 Bg5+ 25. Kb1 Rxf5 26. Qxf5 Bf6 27. Nf4 Qf7 28. Ne6+ Kg8 29. Rf4 Re8 30. Qg4+ Kh8 31. Nd4 Qg7 32. Nb5 Qxg4 33. Rxg4 Ng5 34. a3 Rxe4 35. Rxe4 Nxe4 36. Nxc7 Be5 37. Nd5 Ng3 38. c4 Nxh5 39. Kc2 Nf4 40. Ne3 Kh7 41. b4 Kg6 42. a4 Bd4 43. Kd2 Bxe3+ 44. Kxe3 Nxg2+ 45. Kd4 Nf4 46. c5 dxc5+ 47. bxc5 h5 48. a5 Ne6+ 49. Kd5 Nxc5 50. Kxc5 h4 51. Kd6 h3 52. Kc7 h2 53. Kxb7 h1Q+ 54. Kxa7 Qh7+ 55. Kb6 Qg8 56. Kb7 Qd5+ 57. Kb6 Qa8 58. Kb5 Qa7 59. Kb4 Qa6 60. Ka4 0-1

[Event "POL-chT U19 3rd League Wielkopolska"]
[Site "Kalisz"]
[Date "2013.02.16"]
[Round "7.26"]
[White "Bazant, Tomasz"]
[Black "Lisiecki, Robert"]
[Result "1/2-1/2"]
[WhiteElo "1601"]
[BlackElo "1439"]
[PlyCount "86"]
[EventDate "2013.02.09"]
[EventType "team-tourn"]
[EventRounds "9"]
[EventCountry "POL"]
[SourceTitle "EXT 2019"]
[Source "ChessBase"]
[SourceDate "2018.10.10"]
[SourceVersion "1"]
[SourceVersionDate "2018.10.10"]
[SourceQuality "1"]
[WhiteTeam "Kalisz KTS U19 II"]
[BlackTeam "Srem LKS Piast U19"]
[WhiteTeamCountry "POL"]
[BlackTeamCountry "POL"]

1. e4 e6 2. d4 d5 3. Nd2 c5 4. exd5 Qxd5 5. Ngf3 cxd4 6. Bc4 Qc5 7. Qe2 Nc6 8. Nb3 Qb6 9. Bd2 a5 10. Bb5 Bd7 11. a4 Nf6 12. 0-0 Bc5 13. Qc4 Ne4 14. Nxc5 Qxc5 15. Qxc5 Nxc5 16. Bxc6 Bxc6 17. Nxd4 Bd7 18. Rfe1 0-0 19. b3 Rfd8 20. Be3 Ne4 21. Nb5 Bxb5 22. axb5 Nc3 23. Bb6 Rd7 24. Bxa5 Nxb5 25. Kf1 h6 26. Bb4 Rxa1 27. Rxa1 Kh7 28. c4 Nc7 29. Ke2 Ne8 30. Ra7 Kg6 31. c5 Nf6 32. c6 bxc6 33. Ra6 Nd5 34. Bc5 Rb7 35. b4 Nxb4 36. Bxb4 Rxb4 37. Rxc6 Rb2+ 38. Kf3 Kf6 39. g3 g6 40. Ra6 h5 41. h3 Rb4 42. h4 Kf5 43. Ra3 Rc4 1/2-1/2

[Event "POL-chT U19 3rd League Wielkopolska"]
[Site "Kalisz"]
[Date "2013.02.10"]
[Round "4.14"]
[White "Bruch, Tomasz"]
[Black "Bazant, Tomasz"]
[Result "0-1"]
[WhiteElo "1590"]
[BlackElo "1601"]
[PlyCount "102"]
[EventDate "2013.02.09"]
[EventType "team-tourn"]
[EventRounds "9"]
[EventCountry "POL"]
[SourceTitle "EXT 2019"]
[Source "ChessBase"]
[SourceDate "2018.10.10"]
[SourceVersion "1"]
[SourceVersionDate "2018.10.10"]
[SourceQuality "1"]
[WhiteTeam "Slesin M-GOK Gambit U19"]
[BlackTeam "Kalisz KTS U19 II"]
[WhiteTeamCountry "POL"]
[BlackTeamCountry "POL"]

1. d4 d5 2. Nf3 Nf6 3. c4 c6 4. Nc3 e6 5. e3 Be7 6. Bd3 dxc4 7. Bxc4 b5 8. Bd3 a6 9. 0-0 Bb7 10. b3 Nbd7 11. Bb2 0-0 12. Qe2 c5 13. dxc5 Nxc5 14. Rfd1 Qb6 15. Rac1 Rfd8 16. Nd4 Rac8 17. Qf1 b4 18. Nce2 Nxd3 19. Rxd3 a5 20. Rdd1 Ba6 21. Qe1 h6 22. Rxc8 Rxc8 23. Rc1 Ne4 24. Rxc8+ Bxc8 25. Qc1 Nc5 26. Qd2 Ba6 27. Nf3 Qc6 28. Ned4 Qe4 29. Ne1 Bb7 30. Qc1 Nd3 31. f3 Nxc1 32. fxe4 Nxa2 33. e5 Bd5 34. Kf2 f6 35. Nef3 fxe5 36. Nxe5 Bf6 37. Ng6 e5 38. Nf5 Bxb3 39. Nge7+ Kf7 40. Nc6 Bc2 41. Nd6+ Ke6 42. Nc4 a4 43. Bxe5 Bxe5 44. N6xe5 Bb3 45. e4 Nc3 46. Ke3 a3 47. Nd2 Bc2 48. Nd3 Bxd3 49. Kxd3 a2 50. Nb3 Ke5 51. Ke3 Nxe4 0-1

[Event "POL-chT U19 3rd League Wielkopolska"]
[Site "Kalisz"]
[Date "2013.02.09"]
[Round "1.8"]
[White "Bazant, Tomasz"]
[Black "Niemier, Hubert"]
[Result "1/2-1/2"]
[WhiteElo "1601"]
[BlackElo "1332"]
[PlyCount "104"]
[EventDate "2013.02.09"]
[EventType "team-tourn"]
[EventRounds "9"]
[EventCountry "POL"]
[SourceTitle "EXT 2019"]
[Source "ChessBase"]
[SourceDate "2018.10.10"]
[SourceVersion "1"]
[SourceVersionDate "2018.10.10"]
[SourceQuality "1"]
[WhiteTeam "Kalisz KTS U19 II"]
[BlackTeam "Poznan Politechnika U19"]
[WhiteTeamCountry "POL"]
[BlackTeamCountry "POL"]

1. e4 d5 2. exd5 Qxd5 3. Nc3 Qa5 4. Nf3 Bg4 5. h3 Bh5 6. Be2 Nf6 7. 0-0 e6 8. d4 c6 9. Bd2 Qc7 10. Ne5 Bxe2 11. Qxe2 Be7 12. Rad1 0-0 13. Bf4 Bd6 14. Ne4 Nxe4 15. Qxe4 Nd7 16. Rfe1 Rad8 17. c3 Nxe5 18. Bxe5 Bxe5 19. Qxe5 Qxe5 20. Rxe5 b6 21. Rde1 Rd5 22. f4 Rfd8 23. g4 Kf8 24. Kf2 Rxe5 25. Rxe5 Rd5 26. Ke3 Ke7 27. c4 Rxe5+ 28. dxe5 f5 29. gxf5 exf5 30. b4 c5 31. bxc5 bxc5 32. Kf2 h6 33. h4 h5 34. Ke3 a5 35. Kd3 Ke6 36. Kc3 a4 37. Kb2 g6 38. Kc2 Ke7 39. Kc3 Kf7 40. Kb2 Ke6 41. Kc2 Ke7 42. Kd3 Ke6 43. Ke3 Ke7 44. Kf3 Ke6 45. Kg3 Ke7 46. Kf3 Ke6 47. Ke2 Ke7 48. Kd2 Ke6 49. Kd1 Kd7 50. Ke2 Ke6 51. Kf2 Kf7 52. Ke2 Ke6 1/2-1/2